Anar al contingut

Полифункциональные производные органических соединений

Учебное пособие написано в соответствии с действующей программой дисциплины ЕН Ф.06 «Органическая химия», раздел «Полифункциональные производные органических соединений». Содержит теоретический материал по дисциплине „органическая химия и основы биохимии”. Особое внимание уделено взаимосвязи двух фу...

Descripció completa

Guardat en:
Dades bibliogràfiques
Autor principal: Красильникова Е. А.
Altres autors: Гаврилова Е. Л., Шаталова Н. И., Наумова А. А.
Format: Книга
Idioma:Russian
Publicat: Казань КНИТУ 2009
Accés en línia:http://e.lanbook.com/books/element.php?pl1_cid=25&pl1_id=13313
https://e.lanbook.com/img/cover/book/13313.jpg
Etiquetes: Afegir etiqueta
Sense etiquetes, Sigues el primer a etiquetar aquest registre!
LEADER 02264nam0a2200289 i 4500
001 13313
003 RuSpLAN
005 20221220173903.0
008 221220s2009 ru gs 000 0 rus
040 |a RuSpLAN 
041 0 |a rus 
044 |a ru 
080 |a 637.12 
084 |a 242:  |2 rubbk 
245 0 0 |a Полифункциональные производные органических соединений  |c Красильникова Е. А.,Гаврилова Е. Л.,Шаталова Н. И.,Наумова А. А. 
260 |a Казань  |b КНИТУ  |c 2009 
300 |a 169 с. 
504 |a Библиогр.: доступна в карточке книги, на сайте ЭБС Лань 
520 8 |a Учебное пособие написано в соответствии с действующей программой дисциплины ЕН Ф.06 «Органическая химия», раздел «Полифункциональные производные органических соединений». Содержит теоретический материал по дисциплине „органическая химия и основы биохимии”. Особое внимание уделено взаимосвязи двух фундаментальных дисциплин: органической химии и биохимии, являющихся необходимыми для специалиста с высшим химико–технологическим образованием. Предназначено для студентов всех форм обучения специальностей пищевого, полимерного, нефтяного и других направлений, а также аспирантов и преподавателей. 
521 8 |a Книга из коллекции КНИТУ - Химия 
100 1 |a Красильникова Е. А. 
700 1 |a Гаврилова Е. Л. 
700 1 |a Шаталова Н. И. 
700 1 |a Наумова А. А. 
856 4 |u http://e.lanbook.com/books/element.php?pl1_cid=25&pl1_id=13313 
856 4 8 |u https://e.lanbook.com/img/cover/book/13313.jpg 
953 |a https://e.lanbook.com/img/cover/book/13313.jpg